000 01212nam a2200325 4500
001 177381
003 ES-MaACL
005 20230907123031.0
008 110318s2009 sp ad |||| |dspa d
017 _aM-24.883-2009
020 _a978-84-9742-945-0
080 _a342.25(460)
080 _a35(460).071.6
100 1 _aSevilla Segura, Jorge.
_9105943
245 1 0 _aVertebrando España
_b: el estado autonómico /
_cJordi Sevilla Segura, José Mª Vidal Beltrán y Cristina Elías Méndez.
260 _aMadrid :
_bBiblioteca Nueva :
_bFundación José Ortega y Gasset,
_c[2009]
300 _a281 p. :
_bgráf., mapa ;
_c24 cm.
490 1 _aEl arquero ;
_v12
504 _aReferencias bibliográficas.
650 _aEspaña-
_xComunidades autónomas.
_9178649
650 _aDescentralización administrativa-
_zEspaña.
_911822
700 1 _aVidal Beltrán, José María.
_9145732
700 1 _aElías Méndez, Cristina.
_9145733
710 2 _aFundación José Ortega y Gasset.
_94345
830 0 _aEl arquero ;
_v12
_9185163
852 _aES-MaACL
_9184199
_bR.145.533
_jA-11052
_dOlim:N-4057
_cDEPO1
942 _2udc
_cMONOGRAFIA
999 _c177381
_d177381